|
|
|
|
| LEADER |
00000nam0a2200000 4500 |
| 001 |
199120 |
| 005 |
20231031184142.0 |
| 020 |
|
|
|a RU
|b 83-14696
|
| 035 |
|
|
|a (RuTPU)RU\TPU\book\217147
|
| 090 |
|
|
|a 199120
|
| 100 |
|
|
|a 20110726d1983 m y0rusy5003 ca
|
| 101 |
0 |
|
|a rus
|
| 102 |
|
|
|a RU
|
| 105 |
|
|
|a a z 001zy
|
| 200 |
1 |
|
|a Технологическое оборудование для прессования металлов
|f И. А. Шур
|
| 210 |
|
|
|a Москва
|c Металлургия
|d 1983
|
| 215 |
|
|
|a 160 с.
|c ил.
|
| 320 |
|
|
|a Библиогр.: с. 157-158.
|
| 610 |
1 |
|
|a металлы
|
| 610 |
1 |
|
|a прессование
|
| 610 |
1 |
|
|a технологическое оборудование
|
| 610 |
1 |
|
|a гидравлические прессы
|
| 610 |
1 |
|
|a типы
|
| 610 |
1 |
|
|a классификация
|
| 610 |
1 |
|
|a механизация
|
| 610 |
1 |
|
|a автоматизация
|
| 610 |
1 |
|
|a вспомогательное оборудование
|
| 675 |
|
|
|a 621.777.06
|v 3
|
| 700 |
|
1 |
|a Шур
|b И. А.
|g Исаак Александрович
|4 070
|
| 801 |
|
0 |
|a RU
|b RuMRKP
|c 19950704
|g psbo
|
| 801 |
|
1 |
|a RU
|b 63413507
|c 20110726
|
| 801 |
|
2 |
|a RU
|b 63413507
|c 20111122
|g RCR
|
| 942 |
|
|
|c BK
|